000 00363nam a22001457a 4500
003 OSt
005 20220223095912.0
008 220223b |||||||| |||| 00| 0 eng d
020 _a9780071549868
040 _cHU
082 _a692.1
100 _aKubba
_927193
245 _aBlueprint Reading Construction Drawings For The Building Trades
942 _2ddc
_cBOOKS
_n0
999 _c31294
_d31294